Fleurs - Statistiques

Statistiques générales
  • Ce quiz a été pris 66 fois
    21 depuis la dernière actualisation
  • Le résultat moyen est 43 sur 66
Statistiques - réponses
Par images Hint Réponse % Correct
Le nom dérive de la messagère des dieux, personnification de l'arc-en-ciel. Le terme a d'ailleurs longtemps été employé pour désigner l'arc-en-ciel. Iris
100%
Plus petite que la suivante. Pâquerette
100%
Aussi appelée Dent-de-lion (les feuilles ont une forme en dents aiguës, d'où son surnom) ou Tampopo en japonais. Les akènes sont portés comme des parachutes par le pappus, aigrette soyeuse au bout d’une fine soie. Pissenlit
100%
Cet arbuste, prisé pour ses fleurs délicates et son feuillage persistant, a été popularisé à la fin du XVIIIe siècle par Joséphine de Beauharnais, la première épouse de Napoléon Ier. Camélia
91%
Son nom vernaculaire est une variante de l'ancien français coquerico, désignant le coq par onomatopée : il s'agit d'une métaphore entre la couleur de la fleur et celle de la crête du coq. Coquelicot
91%
Appelée aussi Wisteria. Elle donne des grappes de fleurs de plus de 50 cm de long. Glycine
91%
Plantes horticoles. Hortensia
91%
De Pierre Magnol, remarquable pour sa superbe floraison qui varie du blanc pur au blanc rosé et au rose. Magnolia
91%
Plus grande que la précédente. Marguerite
91%
Quatre pétales dressés, le cinquième, plus grand que les autres, étant tourné vers le bas. Pensée
91%
Deux pétales dressés et trois pétales tournés vers le bas. Violette
91%
Plante de la famille des asteracées tire son nom d'un personnage de la mythologie grecque célèbre pour son talon. Achillée
82%
Facile d'entretien, il est idéal pour décorer les jardins, terrasses, balcons. Arum
82%
Parfois appelé Casse-lunettes ou Fleur de Zacharie. Bleuet
82%
Son coeur jaune n’est pas plat mais arrondi et bombé en hauteur. Camomille
82%
En Suisse, elle est souvent utilisée comme un emblème national. Edelweiss
82%
Espèces de fleurs, la première est une espèce bien précise des deuxièmes. Jonquilles/Narcisses
82%
Du nom de la nymphe aimée d'Hadès changée par Perséphone, jalouse, en une plante velue. Mais, piétinée, la plante embaume les Enfers. Elle comporte diverses espèces : verte, poivrée ou sylvestre. Menthe
82%
Le nom vient du grec pour « rat, souris » et « oreille », en référence aux feuilles arrondies et velues de ces plantes qui peuvent évoquer les oreilles de souris. Myosotis
82%
Fleurs en clochettes blanches maculées de vert, qui poussent et fleurissent généralement en hiver ; pour ce faire, elles ont la capacité de percer une faible couche de neige. Perce-neige
82%
Son nom vient du latin primus, « premier », allusion au fait que ces fleurs sont parmi les toutes premières à apparaître au printemps. Primevère
82%
Au Moyen-Âge, elles symbolisaient l'abandon. Le nom vient du grec et signifie "fille du vent", faisant sans doute référence à ses graines plumeuses qui sont transportées par le vent. Anémone
73%
Il est originaire des régions chaudes du Mexique, d'Amérique centrale ainsi que de la Colombie. Les fleurs, aux formes et aux dimensions variées, sont de tous les coloris sauf le bleu. Le nom du genre est donné par le directeur du jardin botanique de Madrid Antonio José Cavanilles en hommage au botaniste suédois Anders Dahl mort en 1789, l'année où Cavanilles devait recevoir la plante du Mexique. Dahlia
73%
Grandes fleurs en forme de tube ou de doigt de gant d’où leur nom. Digitale
73%
Elle pousse sur un arbre de la famille des rosacées, même famille que la rose. Le fruit poussant sur l’églantier est le cynorrhodon ou gratte-cul. Églantine
73%
Plante à bulbe originaire d'Afrique du Sud, son nom vient d'un médecin allemand nommé Freese. Freesia
73%
Roi du balcon et du jardin. Géranium
73%
Le nom dérive du latin gladius, signifiant « glaive » ce qui fait référence à la forme des feuilles. Glaïeul
73%
Du nom de la couleur. Mauve
73%
La plante fut un emblème de la virilité. Du grec pour testitcule. Orchidée
73%
Originaires de diverses régions de l’Europe à l’Extrême-Orient, notamment de Chine, où elles sont associées à la ville de Luoyang, ainsi que de l’ouest des États-Unis. Pivoine
73%
Elle est aujourd’hui préconisée pour lutter contre les palpitations, l’hypertension, la nervosité, l’anxiété. Aubépine
64%
Son nom vient de celui donné au XVIIe siècle à une plante originaire des Antilles par le père Charles Plumier, un botaniste français. Il l'avait choisi en hommage à Michel Bégon qui fut gouverneur de Saint-Domingue. Bégonia
64%
Originaire de Syrie, son nom arabe abu rach se réfère à ses propriétés sudorifiques. On l'utilise aussi comme aromate. Bourrache
64%
Pouvant être dit rude ou scabieuse, ce genre de plantes à fleurs tient son nom d'une créature mi-homme, mi-cheval. Centaurée
64%
Son nom vient de sa forme qui ressemble aux dents de cet animal. Dent-de-chien
64%
Le nom a été dédié au botaniste allemand Leonhart Fuchs (1501–1566), par Charles Plumier, qui découvrit ces plantes à la fin du XVIIe siècle, dans l'ile d'Hispaniola. Fuchsia
64%
Il a été nommé ainsi en hommage au naturaliste allemand Traugott Gerber, ami de Carl von Linné. Gerbera
64%
Signifie “guimauve” en grec. La Corée du Sud et la Malaisie en font leur fleur nationale. Hibiscus
64%
C’est en Corse que pousse cette plante unique. Ses fleurs ne fanent jamais, même après avoir été cueillies. Immortelle
64%
La couleur lui a donné son nom. Ses fleurettes se composent de quatre pétales réunies en grappe. Lilas
64%
Philibert Commerson ainsi que sa collaboratrice et compagne Jeanne Barret, ont été les premiers botanistes à décrire et nommer un spécimen de ce genre, récolté au Brésil lors de l'expédition autour du monde dirigée par l'explorateur français Louis Antoine de Bougainville. Bougainvillier
55%
Signifie étymologiquement « fleur d'or ». Les Japonais ont fait de cette fleur leur symbole national. Chrysanthème
55%
Plante des montagnes dont certaines espèces ont des vertus médicinales. Par extension : boisson apéritive amère à base de ses racines. Gentiane
55%
Originaire de l'Asie occidentale et moyen-orientale. Du nom d'un jeune homme tué accidentellement par Apollon, qui lance un disque dévié par Zéphyr, jaloux. Du son sang, blessé à la tête, jaillissent des fleurs qui portent son nom. Jacinthe
55%
Son nom, qui signifie en grec “arbre à roses" : au printemps, il offre une floraison abondante et colorée qui ne passe pas inaperçue. Rhododendron/Azalée
55%
Cette orchidée doit son nom à la déesse de l’amour. Elle mesure de 20 à 80 cm de hauteur. Sabots de Vénus
55%
Plante annuelle originaire du bassin méditerranéen, du sud de l'Europe à l'Afrique du Nord. Souci
55%
Appelée aussi langue de feu. Elle est dépolluante et extrêmement efficace pour éliminer l'ammoniac. Anthurium
45%
Elle est parmi les plantes annuelles les plus populaires que l'on retrouve dans les jardins comme sur les balcons. Capucine
45%
Nom donné à cette variété de cactus à cause de sa forme de pouf recouvert de redoutables aiguillons ! Les Anglais l’appellent aussi Tonneau d’or ou cactus oursin. Coussin de belle mère
45%
Elle est parfois appelée Médaille de Judas ou Herbe aux écus. L'espèce a été décrite par le naturaliste suédois Carl von Linné en 1753. Ils proviennent de la forme circulaire et translucide des fruits, comparables à des pièces de monnaie. Monnaie-du-pape/Lunaire annuelle
45%
On les reconnaît grâce à ses fleurs en forme d'entonnoir simples ou doubles, avec une grande variété de couleurs allant du blanc au violet profond. Pétunia
45%
Créée en 1954 par Francis Meilland de la maison Meilland et nommée d'après le jeu de carte. Rose baccara
45%
Signifiant « fleur » en tahitien. Le mono'i est une huile de soin obtenue par la macération des fleurs Tahiti dans l'huile raffinée de coco. Tiaré
45%
La plante doit son nom à une sainte qui aurait recueilli un linge portant les traits du Christ et aurait, grâce à ce linge, guéri l'empereur Tibère de la lèpre. Véronique
45%
Plante d'ornement. Amaryllis
36%
Elle symbolise la folie. Toutes les parties de la plante, en particulier les graines, sont toxiques. Ancolie
36%
Dans de nombreux pays méditerranéens, ils poussent en plein air, où ils croissent surtout dans les régions fraîches et montagneuses. Cyclamen
36%
Appelée aussi Rose de Noël. Ce sont des plantes très vénéneuses. Ellébore noir
36%
Plante originaire des régions tropicales d’Amérique, elle porte le nom de French Marigold en Anglais car les horticulteurs français en ont créé un très grand nombre de variétés depuis son introduction en France, au XVIe siècle. Oeillet d’Inde
36%
Son nom signifie en grec, "qui aime les arbres". Originaire de la forêt tropicale d’Amérique centrale et du sud. Elle appartient à l'espèce Monstera deliciosa. Philodendron
36%
Aphrodite, prise de passion pour un jeune garçon d'une grande beauté, tenta en vain de l'éloigner de son goût pour la chasse. Un jour, celui-ci fut mortellement blessé par un sanglier, et de son sang poussèrent des fleurs nouvelles. Adonis goutte-de-sang/Adonis d'automne
27%
Également appelé Mimosa de Paris. Forsythia
27%
Salade sauvage classée parmi les légumes anciens et oubliés qui revient au goût du jour. Elle se consomme crue dans les salades ou cuite comme des épinards. Raiponce
27%
Les compagnons de Dionysos, les satyres, mâchaient les feuilles de cette plante, réputée aphrodisiaque, pour décupler leur ardeur, d'où son nom latin d'herbe à satyre. Elle fait partie des herbes de Provence avec le thym, le romarin et l'origan. Sarriette
27%
Aucun quiz correspondant
Distribution des résultats
% des personnes avec chaque résultat
Percentile par nombre de réponses
Votre historique - résultats
Vous n’avez pas pris ce quiz depuis la dernière actualisation